000 00635nam a2200229Ia 4500
003 OSt
005 20220925215207.0
006 a|||||r|||| 00| 0
007 ta
008 220923b |||||||| |||| 00| 0 eng d
037 _cGeneral Book
040 _aRTL
_cRTL
_beng
041 _2eng
_aeng
082 _aX9:6.3.N7, L3
100 _aHemingway G S
_9151737
245 0 _aIntroduction to business finance
260 _aLondon
_bHeinemann
_c1973
300 _axvi, 239p. Bibliography p 214-23
_ccm.
650 _aFinancing
942 _hX9:6.3.N7, L3
_cGB
_2CC
999 _c568179
_d568179